Veleszületett betegségekkel élők és hozzátartozóik mentálhigiénés konzultációkkal kapcsolatos attitűdjének és stressz-szintjének vizsgálata
| Szerző: | |
|---|---|
| További közreműködők: | |
| Dokumentumtípus: | Záródolgozat |
| Kulcsszavak: | észlelt stressz mentálhigiéné mentálhigiénés konzultáció segítségkérési attitűd stresszkezelés |
| Online Access: | http://dolgozattar.uni-bge.hu/60119 |
MARC
| LEADER | 00000nta a2200000 i 4500 | ||
|---|---|---|---|
| 001 | dolg60119 | ||
| 005 | 20260409150020.0 | ||
| 008 | 260409suuuu hu o 000 hun d | ||
| 040 | |a BGE Dolgozattár Repozitórium |b hun | ||
| 041 | |a hu | ||
| 100 | 1 | |a Tóth Noémi | |
| 245 | 1 | 0 | |a Veleszületett betegségekkel élők és hozzátartozóik mentálhigiénés konzultációkkal kapcsolatos attitűdjének és stressz-szintjének vizsgálata |c Tóth Noémi |h [elektronikus dokumentum] |
| 516 | |a Final_paper | ||
| 520 | 3 | |a A kutatásom célja a veleszületett betegséggel élők és hozzátartozóik mentálhigiénés konzultációkhoz való attitűdjének és aktuális stressz-szintjének feltérképezése. A Magyarországi Immunhiányos Betegekért Egyesület tagjai körében végzett kérdőíves adatfelvétel eredményei alapján elemeztem a stressz-szintet, a szociáldemográfiai tényezőket, valamint a konzultációs attitűdök közötti összefüggéseket. A tanulmány eredményei gyakorlati alapot kínálnak egy, az érintettek igényeire szabott mentálhigiénés támogatási program kidolgozásához és javaslatokat fogalmaz meg célzott intervenciók kialakítására. | |
| 695 | |a észlelt stressz | ||
| 695 | |a mentálhigiéné | ||
| 695 | |a mentálhigiénés konzultáció | ||
| 695 | |a segítségkérési attitűd | ||
| 695 | |a stresszkezelés | ||
| 700 | 1 | |a Gruber Mónika |e ths | |
| 856 | 4 | 0 | |u http://dolgozattar.uni-bge.hu/60119/1/Szakdolgozat_T%C3%B3th%20No%C3%A9mi_BGE.pdf |z Dokumentum-elérés |
| 856 | 4 | 0 | |u http://dolgozattar.uni-bge.hu/60119/2/T%C3%B3th%20No%C3%A9mi_KSZ%20%C3%A9s%20MH%20b%C3%ADr%C3%A1lati%20lap%202025_BK%20%281%29.pdf |z Dokumentum-elérés |
| 856 | 4 | 0 | |u http://dolgozattar.uni-bge.hu/60119/3/T%C3%B3th%20No%C3%A9mi%20%20b%C3%ADr%C3%A1lati%20lap%202025.pdf |z Dokumentum-elérés |